000 01117cam a2200325 a 4500
001 1912
005 20231010105047.0
020 _a9780805089035 (hc : alk. paper)
040 _aDLC
_cDLC
_dDLC
050 0 0 _aPZ7.T211135
_bMy 2010
082 0 0 _a[Fic]
_222
100 1 _aTashjian, Janet.
245 1 0 _aMy life as a book /
_cJanet Tashjian ; with cartoons by Jake Tashjian.
250 _aFirst Scholastic printing, May 2011
260 _aNew York :
_bScholastic,
_c2011
300 _a211 pages :
_billustrations ;
_c22 cm
500 _a"Christy Ottaviano Books."
505 _aQ
520 _aDubbed a "reluctant reader" by his teacher, twelve-year-old Derek spends summer vacation learning important lessons even though he does not complete his summer reading list.
521 _a880
_bLexile
521 _aQ
_bRaz-Plus
650 1 _aSummer
_vFiction.
650 1 _aSecrets
_vFiction.
650 1 _aFamily life
_vFiction.
650 1 _aBooks and reading
_vFiction.
650 1 _aAnimals
_vFiction.
650 1 _aChildren's art.
700 1 _aTashjian, Jake,
_d1994-
_eillustrator
942 _2ddc
_cBK
_n0
999 _c1912
_d1912